Países que Producen la Mayor Cantidad de Café - Estadísticas

Estadísticas generales
  • Esta prueba ha sido intentada 4.150 veces
    3.702 desde el último reinicio
  • La puntuación promedio es 12 de 20
Estadísticas de respuestas
Toneladas métricas País % Correcto
840,000 Colombia
98%
3,090,000 Brasil
94%
33,000 Venezuela
85%
276,000 Perú
83%
240,000 México
81%
40,500 Ecuador
80%
350,400 India
68%
648,000 Indonesia
59%
93,600 Costa Rica
58%
228,000 Guatemala
56%
500,940 Honduras
55%
150,000 Nicaragua
55%
44,400 El Salvador
50%
459,000 Etiopía
48%
47,400 Kenia
44%
1,710,000 Vietnam
42%
40,980 Tanzania
39%
306,000 Uganda
29%
66,000 Papua Nueva Guinea
19%
90,000 Costa de Marfil
17%
No se encontraron pruebas coincidentes
Distribución de puntuación
Porcentaje de gente con cada puntuación
Porcentaje por número respondido
Historial de tus puntuaciones
No has intentado esta prueba desde el último reinicio